| 000 | 01319nam a2200361 i 4500 | ||
|---|---|---|---|
| 001 | 197064 | ||
| 003 | ES-MaACL | ||
| 005 | 20251014063310.0 | ||
| 008 | 250326s2012 sp | |||| 000 0 spa | ||
| 015 | _aMON12 | ||
| 017 |
_aM 29537-2012 _bOficina Depósito Legal Madrid |
||
| 020 | _a9788498418385 | ||
| 035 | _a(OCoLC)828333138 | ||
| 035 | _a(SpMaBN)a5287366 | ||
| 040 |
_aSpMaBN _bspa _cSpMaBN _erdc |
||
| 080 | _a291.4 | ||
| 100 | 1 |
_aOrs, Pablo Juan d', _d1963- _eaut _9139243 |
|
| 240 | 1 | 0 | _aBiografía del silencio |
| 245 | 1 | 0 |
_aBiografía del silencio : _bbreve ensayo sobre meditación / _cPablo d'Ors. |
| 260 |
_aMadrid : _bSiruela, _cD.L. 2012. |
||
| 300 |
_a112 páginas ; _c15 cm |
||
| 336 |
_aTexto (visual) _2isbdcontent |
||
| 337 |
_asin mediación _2isbdmedia |
||
| 338 |
_2rdacarrier _avolumen |
||
| 490 | 1 |
_aBiblioteca de ensayo. Serie menor ; _v54 |
|
| 650 | 4 |
_aMeditación _2embne _914982 |
|
| 852 |
_aES-MaACL _cDEPOJ _jN-10382 _hDonación: José Lázaro García _xEncuadernación rústica con solapas _9206504 |
||
| 903 |
_9234219 _aLázaro García, José _ednr |
||
| 942 |
_cMONOGRAFIA _n0 |
||
| 999 |
_c197064 _d197064 |
||